000 00462nam a2200145 a 4500
001 000031645
005 20200930063056.0
008 110629d1978 dr 000 0 spa d
040 _aDO-SdBNP
_bspa
_cBNPHU
110 2 _aRepública Dominicana
_bCámara de Diputados
_932238
245 1 0 _aBufete directivo de la camara de diputados.
260 _a[Santo Domingo] :
_bCámara de Diputados,
_c1978.
300 _a1v. con varias paginaciones ;
_c22 cm.
049 _aBNPD
999 _c31137
_d31137